Enseignement professionnel (Record no. 66094)

MARC details
000 -LEADER
campo de control de longitud fija 00595nam a2200157 i 4500
001 - NÚMERO DE CONTROL
campo de control 66094
003 - IDENTIFICADOR DE NÚMERO DE CONTROL
campo de control ES-MaACL
005 - FECHA Y HORA DE LA ÚLTIMA TRANSACCIÓN
campo de control 20230906165537.0
007 - CAMPO FIJO DE DESCRIPCIÓN FÍSICA--INFORMACIÓN GENERAL
campo de control de longitud fija t|
008 - DATOS DE LONGITUD FIJA--INFORMACIÓN GENERAL
campo de control de longitud fija 040127s1924 fr ||||1| fre d
100 1# - ENTRADA PRINCIPAL--NOMBRE DE PERSONA
Nombre de persona Gabriel, Edmond.
9 (RLIN) 53149
245 10 - MENCIÓN DEL TÍTULO
Título Enseignement professionnel
Resto del título : problemes de mecanique : solutionnaire des problemes proposées dans la mecanique theorique et pratique. (tome I et tome II) /
Mención de responsabilidad, etc. par Edmond Gabriel.
260 ## - PUBLICACIÓN, DISTRIBUCIÓN, ETC.
Lugar de publicación, distribución, etc. Paris :
Nombre del editor, distribuidor, etc. Lib. General,
Fecha de publicación, distribución, etc. 1924 (
Lugar de fabricación/manufactura Tours :
Fabricante Imprimiere Mame)
300 ## - DESCRIPCIÓN FÍSICA
Extensión VII, 508 p. :
Otras características físicas il. ;
Dimensiones 22 cm.
852 ## - LOCALIZACIÓN
Ubicación ES-MaACL
Número de control de estantería F-15903
Sublocalización o colección R.20659
Holdings
Estatus retirado Estado de pérdida Estado de daño No para préstamo Biblioteca de origen Biblioteca actual Ubicación en estantería Fecha de adquisición Fuente de adquisición Total de préstamos Signatura topográfica completa Código de barras Visto por última vez Precio de reemplazo Tipo de ítem Koha
        Biblioteca del Ateneo de Madrid Biblioteca del Ateneo de Madrid Sala Pecera Planta 2 17/01/2008     F-15903 1069252 23/02/2023 23/02/2023 Libro impreso